[Event "Xtracon Chess Open 2019"]
[Site "Helsingor DEN"]
[Date "2019.07.28"]
[Round "10.91"]
[White "Rasmussen, Henning2"]
[Black "Knudsen, Jan"]
[Result "1/2-1/2"]
[WhiteElo "1757"]
[BlackElo "1577"]
[WhiteFideId "1410962"]
[BlackFideId "1460803"]
[EventDate "2019.07.20"]

1. d4 Nf6 2. c4 e5 3. dxe5 Ng4 4. Nf3 Nc6 5. Bf4 Bc5 6. e3 Qe7 7. Nc3 Ngxe5 8.
Nxe5 Nxe5 9. Nd5 Qd6 10. Be2 Bb4+ 11. Nxb4 Qxb4+ 12. Qd2 Qxd2+ 13. Kxd2 d6 14.
Rhd1 Be6 15. b3 O-O-O 16. Bxe5 dxe5+ 17. Kc3 Rxd1 18. Rxd1 Rd8 19. Rxd8+ Kxd8
20. a3 c5 21. Bf3 b6 22. Ba8 Kc7 23. e4 Bd7 24. Bd5 f6 25. Bg8 1/2-1/2

[Event "Xtracon Chess Open 2019"]
[Site "Helsingor DEN"]
[Date "2019.07.28"]
[Round "10.92"]
[White "Stage, Allan Juul"]
[Black "Larsen, Ulrik"]
[Result "0-1"]
[WhiteElo "1855"]
[BlackElo "2039"]
[WhiteFideId "1452371"]
[BlackFideId "1441167"]
[EventDate "2019.07.20"]

1. d4 Nf6 2. Bf4 g6 3. e3 Bg7 4. c3 O-O 5. Nf3 d6 6. h3 Nbd7 7. Bc4 c6 8. a4 b6
9. Na3 Bb7 10. Nc2 c5 11. d5 a6 12. O-O b5 13. axb5 axb5 14. Bxb5 Nxd5 15. Rxa8
Bxa8 16. Bg5 N7f6 17. Bxf6 Nxf6 18. c4 Ne4 19. Qc1 Qc7 20. Rd1 Rb8 21. Nd2 Ng5
22. h4 Qb7 23. f3 Ne6 24. b3 Nc7 25. Na3 d5 26. Ba4 d4 27. e4 Bh6 28. Qb2 Qa6
29. Nb5 Be3+ 30. Kh2 Qf6 31. g3 Nxb5 32. Bxb5 Bxd2 0-1

[Event "Xtracon Chess Open 2019"]
[Site "Helsingor DEN"]
[Date "2019.07.28"]
[Round "10.93"]
[White "Hilbenz, Guntram"]
[Black "Stovring, Claus"]
[Result "0-1"]
[WhiteElo "1845"]
[BlackElo "2036"]
[WhiteFideId "4686586"]
[BlackFideId "1406914"]
[EventDate "2019.07.20"]

1. c4 e5 2. g3 d6 3. Bg2 f5 4. Nc3 c6 5. d3 Nf6 6. Nf3 Be7 7. O-O O-O 8. c5 Na6
9. cxd6 Bxd6 10. a3 Nc7 11. b3 Ne6 12. Bb2 Qe8 13. Rc1 Bc7 14. Na4 e4 15. Nd4
Ng5 16. Qd2 Qh5 17. f4 Ng4 18. h4 Nf7 19. dxe4 fxe4 20. Bxe4 Nf6 21. Bf3 Qg6 22.
Kh2 Ng4+ 23. Kg2 Nd6 24. Nc3 Bb6 25. e4 Qh5 26. Rce1 Qf7 27. e5 Nf5 28. Ne4 Bxd4
29. Bxd4 Nxd4 30. Qxd4 Qxb3 31. Qc3 Qe6 32. Ng5 Qe7 33. e6 Nf6 34. f5 b5 35.
Bxc6 Bb7 36. Qf3 Bxc6 37. Qxc6 Rfc8 38. Qxb5 Rab8 39. Qa4 Rc3 40. Rf3 Rb2+ 41.
Kh3 Rcc2 42. Rh1 h6 43. Nf7 Qb7 44. Qf4 Kh7 45. Ne5 Qd5 46. Ng4 Nh5 47. Qe3 Nxg3
48. Kxg3 Rg2+ 49. Kh3 h5 50. Nf6+ gxf6 51. Qxa7+ Rg7 52. Qe3 Qd6 53. Qf4 Qc6 54.
Rhf1 Rg4 55. Qe3 Qc4 56. Qe1 Rb3 57. e7 Qd5 58. Qe2 Qxf5 59. e8=Q Rxh4+ 60. Kxh4
Qg4# 0-1

[Event "Xtracon Chess Open 2019"]
[Site "Helsingor DEN"]
[Date "2019.07.28"]
[Round "10.94"]
[White "Kleimark, Anders"]
[Black "Lye, Sverre"]
[Result "1-0"]
[WhiteElo "2032"]
[BlackElo "1839"]
[WhiteFideId "1709968"]
[BlackFideId "1539353"]
[EventDate "2019.07.20"]

1. d4 Nf6 2. Nf3 g6 3. Bg5 Bg7 4. Nbd2 d6 5. e4 O-O 6. Bd3 Nbd7 7. O-O h6 8. Bh4
g5 9. Bg3 Nh5 10. c3 Nxg3 11. fxg3 c5 12. d5 a6 13. a4 b6 14. Nc4 Rb8 15. Qe2 b5
16. axb5 axb5 17. Na5 Qb6 18. Bc2 Bb7 19. Nxb7 Rxb7 20. h4 g4 21. Nh2 h5 22. Rf5
Nf6 23. Raf1 b4 24. c4 b3 25. Bb1 Ra8 26. e5 dxe5 27. Rxe5 Qd6 28. Qe3 Nxd5 29.
Rxd5 Bd4 30. Qxd4 cxd4 31. Rxd6 exd6 32. Be4 Rba7 33. Bxa8 Rxa8 34. Rd1 Ra2 35.
Rd2 Ra1+ 36. Nf1 Rc1 37. Rxd4 Rc2 38. Rd2 Rxc4 39. Rd3 Rc2 40. Rxb3 d5 41. Rb4
d4 42. b3 Rb2 43. Rxd4 Rxb3 44. Rd5 Kg7 45. Rxh5 Rb4 46. Rg5+ Kf6 47. Ne3 Rb1+
48. Kh2 Re1 49. Nxg4+ Ke6 50. h5 f5 51. Rg6+ Kf7 52. Nh6+ Kf8 53. Nxf5 Rf1 54.
Rf6+ Kg8 55. Ne7+ Kh8 56. Rxf1 Kh7 57. Rf6 Kh8 58. Kh3 Kh7 59. Nd5 Kh8 60. Kh4
Kh7 61. Rg6 Kh8 62. Kg5 Kh7 63. Nf6+ Kh8 64. Rg8# 1-0

[Event "Xtracon Chess Open 2019"]
[Site "Helsingor DEN"]
[Date "2019.07.28"]
[Round "10.95"]
[White "Mardell, Jonas"]
[Black "Rempe, Jonas"]
[Result "0-1"]
[WhiteElo "2024"]
[BlackElo "1839"]
[WhiteFideId "1705636"]
[BlackFideId "16202406"]
[EventDate "2019.07.20"]

1. d4 Nf6 2. Bg5 Ne4 3. Bf4 d6 4. f3 Nf6 5. e4 Nbd7 6. Nd2 e5 7. Be3 g6 8. c3
Bg7 9. Bd3 O-O 10. h4 h5 11. Nh3 d5 12. Bg5 c6 13. Qc2 Qc7 14. O-O-O b5 15. Be2
a5 16. g4 b4 17. c4 exd4 18. cxd5 c5 19. Bf4 Qa7 20. Nc4 a4 21. Qd2 Ba6 22. Bh6
Bxc4 23. Bxg7 Kxg7 24. Bxc4 Ne5 25. g5 Nxe4 26. fxe4 Nxc4 27. Qf2 Ne3 28. Qf6+
Kh7 29. Rd2 Ng4 30. Qf4 a3 31. e5 axb2+ 32. Rxb2 c4 33. Nf2 c3 34. Nxg4 cxb2+
35. Kd2 Qxa2 0-1

[Event "Xtracon Chess Open 2019"]
[Site "Helsingor DEN"]
[Date "2019.07.28"]
[Round "10.96"]
[White "Rasmussen, Morten1"]
[Black "Christiansen, Arne"]
[Result "1/2-1/2"]
[WhiteElo "1816"]
[BlackElo "2011"]
[WhiteFideId "1410865"]
[BlackFideId "1402013"]
[EventDate "2019.07.20"]

1. d4 Nf6 2. c4 c6 3. Nf3 d5 4. e3 Bf5 5. Nc3 e6 6. Nh4 Bg4 7. Qb3 Qb6 8. h3 Bh5
9. g4 Bg6 10. Nxg6 hxg6 11. Bg2 Nbd7 12. O-O Be7 13. Rd1 O-O 14. e4 Nxe4 15.
Nxe4 dxe4 16. Bxe4 Nf6 1/2-1/2

[Event "Xtracon Chess Open 2019"]
[Site "Helsingor DEN"]
[Date "2019.07.28"]
[Round "10.97"]
[White "Sjol, Henrik"]
[Black "Andersen, Kim Nyvang"]
[Result "0-1"]
[WhiteElo "1755"]
[BlackElo "2008"]
[WhiteFideId "1505629"]
[BlackFideId "1415743"]
[EventDate "2019.07.20"]

1. d4 Nf6 2. Nf3 g6 3. g3 Bg7 4. Bg2 O-O 5. O-O d6 6. c4 Nbd7 7. Nc3 e5 8. e4 a6
9. h3 c6 10. Be3 Qa5 11. a3 b5 12. b4 Qc7 13. Rc1 bxc4 14. dxe5 dxe5 15. Nd2 a5
16. b5 cxb5 17. Nxb5 Qb8 18. a4 Ba6 19. Nxc4 Bxb5 20. Rb1 Bxc4 21. Rxb8 Rfxb8
22. Re1 Bf8 23. Qa1 Rb3 24. f4 Bb4 25. Rc1 Rxe3 26. fxe5 Nh5 27. Kh2 Be6 28. Qd4
Rxg3 29. Rc7 Nf8 30. Qd1 Bc3 31. Rc5 Nd7 32. Rd5 Bxe5 33. Rxe5 Nxe5 34. Qd6 Nc4
35. Qd4 Ne3 36. Bh1 Nf1# 0-1

[Event "Xtracon Chess Open 2019"]
[Site "Helsingor DEN"]
[Date "2019.07.28"]
[Round "10.99"]
[White "Skjolingstad, Sverre"]
[Black "Stray, Gunnar"]
[Result "1/2-1/2"]
[WhiteElo "1754"]
[BlackElo "1996"]
[WhiteFideId "1519913"]
[BlackFideId "1501631"]
[EventDate "2019.07.20"]

1. e4 c5 2. Nf3 e6 3. d4 cxd4 4. Nxd4 Nc6 5. Nc3 Qc7 6. Be3 Nf6 7. a3 a6 8. f4
d6 9. Qf3 Bd7 10. Qg3 h5 11. Be2 Nxd4 12. Bxd4 Bc6 13. Bf3 b5 14. O-O h4 15. Qf2
Qb7 16. Rae1 Be7 17. g4 hxg3 18. hxg3 a5 19. b4 axb4 20. axb4 d5 21. Qg2 dxe4
22. Nxe4 Nxe4 23. Bxe4 Bxe4 24. Rxe4 Qd5 25. c3 Ra2 26. Rf2 Ra1+ 27. Rf1 Ra2 28.
Rf2 Ra1+ 1/2-1/2

[Event "Xtracon Chess Open 2019"]
[Site "Helsingor DEN"]
[Date "2019.07.28"]
[Round "10.100"]
[White "Jarlskov, Daniel Tuk Hartso"]
[Black "Glibstrup, Jakob"]
[Result "0-1"]
[WhiteElo "1716"]
[BlackElo "1993"]
[WhiteFideId "1463896"]
[BlackFideId "1416146"]
[EventDate "2019.07.20"]

1. c4 e5 2. Nc3 Nc6 3. g3 g6 4. Bg2 Bg7 5. e4 d6 6. Nge2 f5 7. d3 Nf6 8. O-O O-O
9. Nd5 Ne7 10. Nxf6+ Bxf6 11. Bh6 Rf7 12. d4 fxe4 13. Bxe4 Nf5 14. Bd2 Be6 15.
d5 Bd7 16. b4 b6 17. Qc2 Qf8 18. Rfc1 Nh6 19. c5 Bg7 20. f3 Bh3 21. Kh1 Rxf3 22.
Ng1 Rf1 23. Rxf1 Bxf1 24. a4 bxc5 25. b5 Ng4 26. Nf3 Bh3 27. Ng5 Nf2+ 28. Kg1
Nxe4 29. Qxe4 Bf5 30. Qh4 h5 31. Rf1 Qe7 32. h3 Rf8 33. g4 Bd3 34. Rxf8+ Qxf8
35. Be3 Qf1+ 36. Kh2 e4 37. Bf2 Be5+ 38. Bg3 Qf2+ 39. Kh1 Bxg3 40. Nf3 Bxh4 0-1

[Event "Xtracon Chess Open 2019"]
[Site "Helsingor DEN"]
[Date "2019.07.28"]
[Round "10.101"]
[White "Mansoor, Afras"]
[Black "Tolba, Henri"]
[Result "1-0"]
[WhiteElo "1991"]
[BlackElo "1752"]
[WhiteFideId "1522108"]
[BlackFideId "1418246"]
[EventDate "2019.07.20"]

1. c4 c5 2. g3 Nc6 3. Nc3 g6 4. Bg2 Bg7 5. a3 Nf6 6. Rb1 d5 7. cxd5 Nd4 8. e3
Nf5 9. Nge2 O-O 10. O-O h5 11. h3 a6 12. b4 c4 13. e4 Nh6 14. b5 h4 15. g4 Nhxg4
16. hxg4 Nxg4 17. d4 cxd3 18. Qxd3 Ne5 19. Qe3 Nc4 20. Qc5 Ne5 21. f3 b6 22. Qf2
h3 23. Bh1 Qd7 24. Qxb6 h2+ 25. Kxh2 Qh3+ 26. Kg1 Ng4 27. fxg4 Bxc3 28. Bg2 Qd3
29. Nxc3 Qxc3 30. Bb2 Qg3 31. Qd4 f6 32. e5 Bxg4 33. exf6 Rxf6 34. Rxf6 exf6 35.
Qc3 Qxc3 36. Bxc3 axb5 37. Bb4 f5 38. d6 Rd8 39. Bc6 f4 40. Bxb5 g5 41. d7 Bxd7
42. Rd1 g4 43. Rxd7 1-0

[Event "Xtracon Chess Open 2019"]
[Site "Helsingor DEN"]
[Date "2019.07.28"]
[Round "10.102"]
[White "Weersing, Abigail Riis"]
[Black "Pedersen, Lars Foldager"]
[Result "0-1"]
[WhiteElo "1709"]
[BlackElo "1967"]
[WhiteFideId "460036"]
[BlackFideId "1417649"]
[EventDate "2019.07.20"]

1. d4 Nf6 2. c4 e6 3. Nf3 d5 4. Nc3 Be7 5. Bf4 c6 6. e3 O-O 7. cxd5 exd5 8. Bd3
Re8 9. O-O Nbd7 10. h3 Nf8 11. Ne5 Ne6 12. Bg3 g6 13. Bh4 Nh5 14. Qf3 Rf8 15.
Bxe7 Qxe7 16. g4 Ng5 17. Qg2 Ng7 18. h4 Ne4 19. Bxe4 dxe4 20. Nxe4 f6 21. Nd3 f5
22. Ng5 fxg4 23. Ne5 Nf5 24. Nxg4 Nxh4 25. Nh6+ Kg7 26. Qg3 Qxg5 27. Qxg5 Nf3+
28. Kg2 Nxg5 29. Rh1 Rf3 30. Rh4 Bh3+ 31. Kg1 Raf8 32. Ng4 Bxg4 33. Rxg4 Nh3+
34. Kg2 Nxf2 35. Rg3 Rxg3+ 36. Kxg3 Ne4+ 37. Kh4 Rf3 38. Re1 Rg3 0-1

[Event "Xtracon Chess Open 2019"]
[Site "Helsingor DEN"]
[Date "2019.07.28"]
[Round "10.103"]
[White "Heinsohn, Michael"]
[Black "Norevall, Ulf"]
[Result "1/2-1/2"]
[WhiteElo "1959"]
[BlackElo "1739"]
[WhiteFideId "4665546"]
[BlackFideId "1705555"]
[EventDate "2019.07.20"]

1. d4 Nf6 2. c4 e6 3. g3 d5 4. Nf3 c6 5. Nbd2 Be7 6. Bg2 O-O 7. O-O Nbd7 8. Qc2
Re8 9. e4 dxe4 10. Nxe4 Nxe4 11. Qxe4 Nf6 12. Qe2 Bf8 13. Rd1 Qc7 14. Bf4 Bd6
15. Ne5 Nd7 16. Qg4 Nxe5 17. dxe5 Bxe5 18. Bxe5 Qxe5 19. Rd4 Qf6 1/2-1/2

[Event "Xtracon Chess Open 2019"]
[Site "Helsingor DEN"]
[Date "2019.07.28"]
[Round "10.104"]
[White "Munksgaard, Bo"]
[Black "Jarlnaes, Erik"]
[Result "1-0"]
[WhiteElo "1740"]
[BlackElo "1959"]
[WhiteFideId "1407473"]
[BlackFideId "1414623"]
[EventDate "2019.07.20"]

1. e4 e6 2. d3 c5 3. Nf3 Nc6 4. g3 d5 5. Nbd2 Nf6 6. Bg2 Be7 7. O-O O-O 8. e5
Nd7 9. Re1 Qc7 10. Qe2 b5 11. Nf1 Bb7 12. h4 Rac8 13. Bf4 b4 14. N1h2 Ba6 15.
Ng4 Kh8 16. h5 Qb6 17. Qd2 c4 18. d4 c3 19. bxc3 bxc3 20. Qe3 Ba3 21. h6 g6 22.
Bg5 Be7 23. Reb1 Qd8 24. Bf4 Qa5 25. Bf1 Ba3 26. Bxa6 Qxa6 27. Rb3 Bb2 28. Re1
Na5 29. Bg5 Nxb3 30. axb3 Ba3 31. Nf6 Qb7 32. Qf4 Be7 33. Nxh7 f6 34. Nxf6 Nxf6
35. exf6 Qd7 36. Qe5 Bd6 37. Qxe6 Qc7 38. Ne5 Kh7 39. Qxd5 Bxe5 40. Qxe5 Rf7 41.
Qxc7 Rcxc7 42. Re7 Kg8 43. Kf1 Rfxe7 44. fxe7 Kf7 45. Ke2 Rc8 46. Kd3 Ke6 47.
Ke4 a5 48. g4 Kf7 49. f4 Rb8 50. Kd3 Rc8 51. d5 Rc5 52. Kd4 Rc8 53. f5 gxf5 54.
gxf5 Rg8 55. h7 Rh8 56. Ke5 Rxh7 57. d6 a4 58. bxa4 Ke8 59. f6 Rh2 60. d7+ Kxd7
61. f7 1-0

[Event "Xtracon Chess Open 2019"]
[Site "Helsingor DEN"]
[Date "2019.07.28"]
[Round "10.105"]
[White "Borrmann, Laurenz"]
[Black "Christensen, Jacob Foged"]
[Result "1-0"]
[WhiteElo "1623"]
[BlackElo "1937"]
[WhiteFideId "312187930"]
[BlackFideId "1439073"]
[EventDate "2019.07.20"]

1. Nf3 d5 2. g3 g6 3. Bg2 Bg7 4. O-O c5 5. d3 Nc6 6. e4 d4 7. Nbd2 e5 8. a3 Nge7
9. Rb1 a5 10. a4 O-O 11. Nc4 f5 12. exf5 Bxf5 13. Re1 Qc7 14. Qe2 Bg4 15. Qe4
Bxf3 16. Bxf3 Rf7 17. Bg4 Kh8 18. f4 Raf8 19. fxe5 Nxe5 20. Nxe5 Bxe5 21. Be6
Bxg3 22. Bxf7 Bxe1 23. Bf4 Bf2+ 24. Kh1 Rxf7 25. Bxc7 1-0

[Event "Xtracon Chess Open 2019"]
[Site "Helsingor DEN"]
[Date "2019.07.28"]
[Round "10.106"]
[White "Zheng, Harry Z"]
[Black "Ivarsson, Torbjorn"]
[Result "0-1"]
[WhiteElo "1597"]
[BlackElo "2119"]
[WhiteFideId "460982"]
[BlackFideId "1705865"]
[EventDate "2019.07.20"]

1. e4 e6 2. d4 d5 3. Nd2 Nf6 4. e5 Nfd7 5. Ngf3 c5 6. c3 Nc6 7. Bd3 Be7 8. O-O
g5 9. dxc5 Nxc5 10. Bb5 Qc7 11. Nd4 Bd7 12. Bxc6 bxc6 13. Qe2 Bc8 14. Re1 h5 15.
c4 a5 16. N2b3 Ba6 17. Qc2 Bxc4 18. Nxc5 Bxc5 19. Nb3 Be7 20. Be3 Bxb3 21. Qxb3
c5 22. Rac1 c4 23. Qa4+ Qd7 24. Qc2 Qb5 25. Qe2 Rb8 26. Rb1 a4 27. Rec1 g4 28.
g3 Kd7 29. f3 Bc5 30. Bxc5 Qxc5+ 31. Kg2 Qd4 32. Rd1 gxf3+ 33. Kxf3 Qg4+ 34. Kf2
Qxe2+ 35. Kxe2 Kc6 36. Re1 Rb4 37. Kd2 Kc5 38. Rf1 Rb7 39. Rf4 d4 40. Kc2 Kd5
41. Rd1 d3+ 42. Kc3 Rhb8 43. Rd4+ Kxe5 44. Rxc4 Rxb2 45. Rxa4 Rxh2 46. Rxd3 Rc8+
47. Kb4 h4 48. Ra5+ Ke4 49. Rda3 Rb2+ 50. Rb3 Rxb3+ 51. axb3 hxg3 52. Ra1 g2 53.
Kb5 Kf3 54. b4 Kf2 55. Ra2+ Kg3 56. Ra1 Kh2 57. Kb6 g1=Q+ 58. Rxg1 Kxg1 59. Kb7
Rc2 60. b5 e5 61. b6 e4 62. Ka8 e3 63. b7 Ra2+ 64. Kb8 e2 65. Kc8 Rc2+ 66. Kd7
Rb2 67. Kc8 e1=Q 68. Kd8 Rxb7 69. Kc8 Re7 70. Kb8 Qd1 71. Ka8 Qd8# 0-1

[Event "Xtracon Chess Open 2019"]
[Site "Helsingor DEN"]
[Date "2019.07.28"]
[Round "10.107"]
[White "Hansen, Verner"]
[Black "Skjoldager, Mikael"]
[Result "0-1"]
[WhiteElo "1838"]
[BlackElo "2076"]
[WhiteFideId "1425285"]
[BlackFideId "1434314"]
[EventDate "2019.07.20"]

1. e4 e5 2. Nf3 Nc6 3. Bc4 Bc5 4. c3 Nf6 5. d3 a6 6. O-O Ba7 7. Bb3 O-O 8. Bg5
h6 9. Be3 d6 10. Bxa7 Rxa7 11. Nbd2 Bg4 12. Qe1 Qe7 13. Qe3 Raa8 14. Nh4 Kh7 15.
h3 Be6 16. Bd1 g6 17. f4 exf4 18. Qxf4 Ng8 19. Nhf3 f5 20. Bc2 g5 21. Qg3 f4 22.
Qf2 Bf7 23. d4 Bg6 24. Rae1 Rae8 25. Nc4 b5 26. Ncd2 Kh8 27. Bb3 Qh7 28. Bc2 d5
29. exd5 Bxc2 30. dxc6 Ne7 31. Ne5 Nd5 32. Rc1 Ne3 33. Rfe1 Qf5 34. Ndf3 Be4 35.
b3 h5 36. c4 b4 37. Nd2 Bxg2 38. Rxe3 fxe3 39. Qxg2 exd2 40. Rd1 Rxe5 41. dxe5
Qxe5 42. Qxd2 Qg3+ 43. Qg2 Qe3+ 44. Kh1 Rf2 45. Rd8+ Kh7 46. Rd7+ Kh6 47. Re7
Qc1+ 48. Qg1 Rf1 0-1

[Event "Xtracon Chess Open 2019"]
[Site "Helsingor DEN"]
[Date "2019.07.28"]
[Round "10.108"]
[White "Frederiksen Kristian, Pade"]
[Black "Schweitzer, Werner"]
[Result "0-1"]
[WhiteElo "1822"]
[BlackElo "2072"]
[WhiteFideId "1435205"]
[BlackFideId "1622927"]
[EventDate "2019.07.20"]

1. d4 d5 2. c4 c6 3. Nc3 f5 4. e3 e6 5. g4 Nf6 6. gxf5 exf5 7. Qf3 Bb4 8. Bd3
O-O 9. Bd2 Ne4 10. Nge2 Be6 11. Nf4 Qe7 12. c5 Nd7 13. Qg2 Nef6 14. O-O-O b6 15.
Rdg1 Rf7 16. a3 Bxc3 17. Bxc3 Ne4 18. Be1 bxc5 19. f3 Nef6 20. Bc3 cxd4 21. exd4
Qd6 22. Nxe6 Qxe6 23. Re1 Qd6 24. Bxf5 Qf4+ 0-1

[Event "Xtracon Chess Open 2019"]
[Site "Helsingor DEN"]
[Date "2019.07.28"]
[Round "10.109"]
[White "Meurman, Arne"]
[Black "Hempler, Poul"]
[Result "1-0"]
[WhiteElo "2014"]
[BlackElo "1856"]
[WhiteFideId "1704923"]
[BlackFideId "1468464"]
[EventDate "2019.07.20"]

1. e4 c6 2. d4 d5 3. exd5 cxd5 4. Bd3 Nf6 5. c3 Nc6 6. Bf4 g6 7. Nf3 Bg7 8. Nbd2
O-O 9. O-O Qb6 10. Qc2 Nd7 11. Rfe1 Re8 12. Be3 Qc7 13. Qb3 Nb6 14. a4 e5 15. a5
Nd7 16. dxe5 Ndxe5 17. Bb5 Be6 18. Qa4 a6 19. Bf1 Rac8 20. Bb6 Qd6 21. Rad1 Bg4
22. Be2 Nxf3+ 23. Nxf3 Ne5 24. Nxe5 Bxe2 25. Rxe2 Rxe5 26. Qf4 Rce8 27. g3 Qe6
28. Rxe5 Qxe5 29. Qxe5 Rxe5 30. f4 Re2 31. Rxd5 Bf6 32. Bd8 Kg7 33. Bxf6+ Kxf6
34. b4 Ke6 35. Rc5 Kd6 36. h4 Re7 37. h5 Rc7 38. Rxc7 Kxc7 39. hxg6 hxg6 40. Kf2
Kc6 41. c4 f6 42. Ke3 Kd7 43. Kd4 Kc6 44. g4 Kd6 45. b5 g5 46. f5 Kd7 47. bxa6
bxa6 48. Kd5 Ke7 49. Kc6 Ke8 50. Kc7 1-0

[Event "Xtracon Chess Open 2019"]
[Site "Helsingor DEN"]
[Date "2019.07.28"]
[Round "10.111"]
[White "Loveid, Erik"]
[Black "Skjoldager, Flemming"]
[Result "1/2-1/2"]
[WhiteElo "1799"]
[BlackElo "1972"]
[WhiteFideId "1520067"]
[BlackFideId "1406515"]
[EventDate "2019.07.20"]

1. d4 d5 2. Bg5 g6 3. e3 Bg7 4. Nf3 c5 5. c3 Qb6 6. Qb3 c4 7. Qxb6 axb6 8. Nbd2
Nf6 9. Be2 Nc6 10. O-O O-O 11. b3 b5 12. a4 b4 13. bxc4 bxc3 14. Bxf6 exf6 15.
cxd5 Nb4 1/2-1/2

[Event "Xtracon Chess Open 2019"]
[Site "Helsingor DEN"]
[Date "2019.07.28"]
[Round "10.113"]
[White "Christiansen, Torsten Sundgaar"]
[Black "Linderod, Lars Erik"]
[Result "1/2-1/2"]
[WhiteElo "1742"]
[BlackElo "1961"]
[WhiteFideId "1419714"]
[BlackFideId "1435965"]
[EventDate "2019.07.20"]

1. e4 g6 2. Nf3 Bg7 3. d4 d6 4. Bc4 Nf6 5. e5 dxe5 6. Nxe5 O-O 7. c3 Nbd7 8. Qb3
Nxe5 9. dxe5 Ne4 10. f3 Nc5 11. Qa3 Ne6 12. h4 c6 13. Be3 h6 14. O-O Qc7 15. Nd2
a5 16. Ne4 b5 17. Bxe6 Bxe6 18. Bc5 Rfe8 19. Rad1 Bd5 20. Rfe1 f6 21. exf6 exf6
22. Bd6 Qa7+ 23. Bc5 Qd7 1/2-1/2

[Event "Xtracon Chess Open 2019"]
[Site "Helsingor DEN"]
[Date "2019.07.28"]
[Round "10.114"]
[White "Bremer, Erik"]
[Black "Jensen, Jonbert M. S."]
[Result "1/2-1/2"]
[WhiteElo "1444"]
[BlackElo "1461"]
[WhiteFideId "1411578"]
[BlackFideId "1435914"]
[EventDate "2019.07.20"]

1. e4 e5 2. Nf3 d6 3. d4 exd4 4. Nxd4 Be7 5. Bc4 Nf6 6. Nc3 O-O 7. O-O c6 8. a4
Nbd7 9. Nf5 Ne5 10. Nxe7+ Qxe7 11. Be2 Be6 12. Bg5 h6 13. Bh4 Ng6 14. Bg3 Rad8
15. Bd3 Ne5 16. Bh4 g5 17. Bg3 Nxd3 18. cxd3 Ng4 19. h3 Ne5 20. d4 Ng6 21. Re1
Kh7 22. d5 Bd7 23. dxc6 Bxc6 24. Nd5 Bxd5 25. exd5 Qf6 26. Qc2 Rc8 27. Qb3 Rc7
28. Rac1 Rfc8 29. Rxc7 Rxc7 30. Qb5 Ne7 31. Qb3 Kg7 32. f3 Nf5 33. Bf2 Nd4 34.
Qd1 Nc2 35. Re2 Qg6 36. Bxa7 Rc4 37. b3 Rc3 38. Bd4+ Nxd4 39. Qxd4+ Qf6 40. Qd1
Qf4 41. Re1 Qb4 42. Qa1 Kf8 43. Rb1 Kg8 44. Qb2 f6 45. Kh1 Kf7 46. Qe2 Qf4 47.
Qe6+ Kg6 48. Qe8+ Kg7 49. Qe7+ Kg6 50. Qe8+ Kg7 1/2-1/2

[Event "Xtracon Chess Open 2019"]
[Site "Helsingor DEN"]
[Date "2019.07.28"]
[Round "10.115"]
[White "Green, Per"]
[Black "Leonhardsen, Vebjorn Maanum"]
[Result "1-0"]
[WhiteElo "1959"]
[BlackElo "1820"]
[WhiteFideId "1703811"]
[BlackFideId "1539515"]
[EventDate "2019.07.20"]

1. Nf3 d5 2. c4 c6 3. g3 Nf6 4. Bg2 Bf5 5. Qb3 Qb6 6. d3 e6 7. Be3 Qc7 8. Nh4
dxc4 9. Qxc4 Nbd7 10. Nxf5 exf5 11. Nc3 Be7 12. O-O O-O 13. Rac1 Nb6 14. Qb3
Rfd8 15. a4 Qd7 16. Bxb6 axb6 17. Qxb6 Nd5 18. Nxd5 cxd5 19. b3 Rdc8 20. Qd4 Ra5
21. Rxc8+ Qxc8 22. Bxd5 Bf6 23. Qc4 Qd7 24. Bf3 b6 25. Qf4 g6 26. Qb8+ Bd8 27.
Rc1 Kg7 28. Rc8 Be7 29. Rg8+ 1-0

[Event "Xtracon Chess Open 2019"]
[Site "Helsingor DEN"]
[Date "2019.07.28"]
[Round "10.116"]
[White "Ramkilde, Mikael"]
[Black "Hansen, Tommy"]
[Result "1-0"]
[WhiteElo "1957"]
[BlackElo "1799"]
[WhiteFideId "1439391"]
[BlackFideId "1511009"]
[EventDate "2019.07.20"]

1. e4 d6 2. d4 Nf6 3. Nc3 Nbd7 4. f4 e5 5. Nf3 exd4 6. Qxd4 c6 7. Be3 d5 8.
O-O-O Ng4 9. exd5 Bc5 10. Qe4+ Kf8 11. Bxc5+ Nxc5 12. Qd4 Nd7 13. dxc6 bxc6 14.
h3 Ngf6 15. Bc4 Qc7 16. Rhe1 Bb7 17. Ne5 Nxe5 18. fxe5 Ne8 19. Rf1 c5 20. Qd7
Qxd7 21. Rxd7 f6 22. Rf7+ 1-0

[Event "Xtracon Chess Open 2019"]
[Site "Helsingor DEN"]
[Date "2019.07.28"]
[Round "10.117"]
[White "Gregersen, Hedin"]
[Black "Taksrud, Vidar"]
[Result "1-0"]
[WhiteElo "1728"]
[BlackElo "1942"]
[WhiteFideId "7200226"]
[BlackFideId "1502158"]
[EventDate "2019.07.20"]

1. c4 e5 2. g3 Nf6 3. Bg2 Nc6 4. Nf3 d5 5. cxd5 Nxd5 6. O-O Be7 7. d4 e4 8. Ne5
Nxe5 9. dxe5 Bf5 10. Qb3 Nb6 11. Rd1 Qc8 12. Nc3 O-O 13. Nxe4 a5 14. Bg5 a4 15.
Qc3 Bxg5 16. Nxg5 h6 17. e4 Bg4 18. Nf3 Re8 19. h3 Bh5 20. g4 Bg6 21. Nh4 Re6
22. Rac1 Rc6 23. Nxg6 Rxc3 24. Ne7+ Kf8 25. Nxc8 Rxc1 26. Rxc1 Rxc8 27. f4 c5
28. Kf2 Ke7 29. Ke3 g5 30. Bf1 gxf4+ 31. Kxf4 Ke6 32. Rd1 Ke7 33. Rd6 Rc6 34.
Rxc6 bxc6 35. b3 a3 36. h4 Nc8 37. g5 hxg5+ 38. Kxg5 Ke6 39. Bh3+ Kxe5 40. Bxc8
Kxe4 41. h5 Kd4 42. h6 Kc3 43. h7 Kb2 44. h8=Q+ Kxa2 45. Qc3 f6+ 46. Kg4 c4 47.
Be6 c5 48. Bxc4 f5+ 49. Kxf5 Kb1 50. Bd3+ Ka2 51. Qc2+ Ka1 52. Qb1# 1-0

[Event "Xtracon Chess Open 2019"]
[Site "Helsingor DEN"]
[Date "2019.07.28"]
[Round "10.118"]
[White "Nielsen, Aage Sondergaard"]
[Black "Bohlin, Jan"]
[Result "1-0"]
[WhiteElo "1936"]
[BlackElo "1724"]
[WhiteFideId "1409859"]
[BlackFideId "1758616"]
[EventDate "2019.07.20"]

1. c4 Nf6 2. Nc3 c5 3. g3 e6 4. Bg2 d5 5. cxd5 exd5 6. d3 Nc6 7. Bg5 d4 8. Nd5
Qa5+ 9. Bd2 Qd8 10. Qb3 Nxd5 11. Bxd5 Qd7 12. Nf3 Bd6 13. Ng5 O-O 14. f4 Qe7 15.
O-O h6 16. Ne4 Be6 17. f5 Bxd5 18. Qxd5 Rad8 19. f6 Qe5 20. Rf5 Qxd5 21. Rxd5
Bc7 22. Rxc5 Be5 23. Rf1 Rfe8 24. Rf2 Re6 25. b4 a6 26. fxg7 Kxg7 27. b5 axb5
28. Rxb5 Rb8 29. Rf1 Kg6 30. Rfb1 Re7 31. R1b2 f5 32. Nc5 Bd6 33. Kf1 Nd8 34.
Rb6 Nf7 35. Nxb7 Re6 36. Bf4 Kh7 37. Nxd6 1-0